[Event "Avoine op 34th"]
[Site "Avoine"]
[Date "2019.07.20"]
[Round "1"]
[White "Daeschler, Florian"]
[Black "Duchateau, Thomas"]
[Result "1-0"]
[WhiteElo "2334"]
[BlackElo "2096"]
[PlyCount "63"]
[EventDate "2019.07.20"]
[EventType "swiss"]
[EventRounds "9"]
[EventCountry "FRA"]
[SourceTitle "EXT 2020"]
[Source "ChessBase"]
[SourceDate "2019.10.17"]
[SourceVersion "1"]
[SourceVersionDate "2019.10.17"]
[SourceQuality "1"]

1. d4 Nf6 2. c4 g6 3. g3 c5 4. d5 d6 5. Bg2 Bg7 6. Nc3 e6 7. Nf3 exd5 8. cxd5 0-0 9. 0-0 Re8 10. Bf4 h6 11. Nd2 g5 12. Be3 Bf5 13. Nc4 Na6 14. Bd2 Ne4 15. Nxe4 Bxe4 16. Bxe4 Rxe4 17. Qc2 Re8 18. Ne3 Qf6 19. Bc3 Qg6 20. Nf5 Bxc3 21. bxc3 Re5 22. e4 Rae8 23. Rae1 c4 24. f4 gxf4 25. Rxf4 Kf8 26. Ref1 Nc5 27. Nh4 Qh5 28. Qf2 Nxe4 29. Rxf7+ Kg8 30. Rf8+ Rxf8 31. Qxf8+ Kh7 32. Rf7+ 1-0

[Event "Avoine op 34th"]
[Site "Avoine"]
[Date "2019.07.20"]
[Round "4"]
[White "Duchateau, Thomas"]
[Black "Leccia, Antoine"]
[Result "1-0"]
[WhiteElo "2096"]
[BlackElo "1876"]
[PlyCount "57"]
[EventDate "2019.07.20"]
[EventType "swiss"]
[EventRounds "9"]
[EventCountry "FRA"]
[SourceTitle "EXT 2020"]
[Source "ChessBase"]
[SourceDate "2019.10.17"]
[SourceVersion "1"]
[SourceVersionDate "2019.10.17"]
[SourceQuality "1"]

1. d4 e6 2. Bf4 Nf6 3. e3 d5 4. Nd2 c5 5. c3 Bd6 6. Bg3 0-0 7. Bd3 Qc7 8. Bxd6 Qxd6 9. f4 Nbd7 10. g4 Ne8 11. Qc2 c4 12. Bxh7+ Kh8 13. Ngf3 g6 14. Bxg6 fxg6 15. Nh4 Rg8 16. Nxg6+ Kg7 17. 0-0-0 a5 18. e4 b5 19. e5 Qc7 20. f5 Nb6 21. f6+ Kf7 22. Ne7 Rh8 23. g5 Nd7 24. g6+ Kf8 25. g7+ Nxg7 26. fxg7+ Kxg7 27. Qg6+ Kf8 28. Rdf1+ Kxe7 29. Qg7+ 1-0

[Event "FRA-ch op"]
[Site "Nimes"]
[Date "2014.08.21"]
[Round "5"]
[White "Pietrasanta, Jeremy"]
[Black "Duchateau, Thomas"]
[Result "1-0"]
[WhiteElo "2175"]
[BlackElo "2078"]
[PlyCount "55"]
[EventDate "2014.08.17"]
[EventType "swiss"]
[EventRounds "11"]
[EventCountry "FRA"]
[SourceTitle "EXT 2015"]
[Source "ChessBase"]
[SourceDate "2014.11.20"]
[SourceVersion "1"]
[SourceVersionDate "2014.11.20"]
[SourceQuality "1"]

1. Nf3 Nf6 2. c4 g6 3. b3 Bg7 4. Bb2 0-0 5. g3 c6 6. Bg2 d5 7. d3 a6 8. 0-0 b5 9. Nbd2 Nbd7 10. Rc1 Bb7 11. a3 e6 12. Rc2 bxc4 13. bxc4 c5 14. e3 Qe7 15. Qa1 Rfd8 16. Rfc1 Rac8 17. cxd5 exd5 18. Bh3 Ne8 19. e4 c4 20. Bxg7 Nxg7 21. exd5 cxd3 22. Rxc8 Rxc8 23. Re1 Qd6 24. Ne4 Qb6 25. Bxd7 Rc2 26. Qe5 f5 27. Qb8+ Kf7 28. Neg5+ 1-0

[Event "Wasselonne op"]
[Site "Wasselonne"]
[Date "2009.08.07"]
[Round "2"]
[White "Duchateau, Thomas"]
[Black "Schweitzer, Marc"]
[Result "1-0"]
[WhiteElo "2100"]
[BlackElo "1860"]
[PlyCount "95"]
[EventDate "2009.08.06"]
[EventType "swiss"]
[EventRounds "7"]
[EventCountry "FRA"]
[SourceTitle "EXT 2011"]
[Source "ChessBase"]
[SourceDate "2010.11.26"]
[SourceVersion "1"]
[SourceVersionDate "2010.11.26"]
[SourceQuality "1"]

1. d4 d5 2. c4 c6 3. Nc3 Nf6 4. Nf3 e6 5. Bg5 Nbd7 6. cxd5 exd5 7. e3 Bd6 8. Bd3 h6 9. Bh4 Qb6 10. Qc2 a6 11. 0-0 0-0 12. a3 Re8 13. b4 g5 14. Bg3 Bxg3 15. hxg3 Qd8 16. Rfc1 Qe7 17. Nd2 Rb8 18. Na4 Nf8 19. Nc5 N6d7 20. Rab1 Ne6 21. a4 Ndxc5 22. bxc5 Nd8 23. Bxa6 Ra8 24. Bd3 Qc7 25. Rb6 Ra7 26. Nf3 Ne6 27. Qb3 Nf8 28. Bc2 f6 29. Rb1 Qg7 30. Qd3 Re7 31. Re1 Be6 32. e4 Bf7 33. Nd2 Kh8 34. f3 g4 35. Kf2 gxf3 36. gxf3 Bg6 37. Qb3 Bf7 38. Qb1 Rd7 39. Rb4 Bg6 40. e5 Bxc2 41. Qxc2 Rf7 42. f4 fxe5 43. Rxe5 Re7 44. Nf3 Nd7 45. Rxe7 Qxe7 46. Qf5 Nf6 47. Ne5 Ne4+ 48. Qxe4 1-0

[Event "Avoine op 24th"]
[Site "Avoine"]
[Date "2009.07.21"]
[Round "4"]
[White "Duchateau, Thomas"]
[Black "Legrand, Thierry"]
[Result "1-0"]
[WhiteElo "2100"]
[BlackElo "1859"]
[PlyCount "93"]
[EventDate "2009.07.18"]
[EventType "swiss"]
[EventRounds "9"]
[EventCountry "FRA"]
[SourceTitle "CBM 131 Extra"]
[Source "ChessBase"]
[SourceDate "2009.09.03"]
[SourceVersion "2"]
[SourceVersionDate "2009.09.16"]
[SourceQuality "1"]

1. d4 d6 2. c4 Nf6 3. Nc3 Nbd7 4. e4 e5 5. d5 Be7 6. Bd3 Nc5 7. Bc2 0-0 8. b4 Ncd7 9. Be3 Re8 10. f3 c5 11. a3 b6 12. Nge2 Nf8 13. g4 Ng6 14. Qd2 Nh4 15. Kf2 h6 16. Ng3 Nh7 17. Nf5 Nxf5 18. exf5 Bh4+ 19. Kg2 Qe7 20. Rab1 Bd7 21. bxc5 bxc5 22. Rb7 Qd8 23. Ne4 Bc8 24. Rb2 Ba6 25. Qd3 Qc7 26. Rhb1 Rab8 27. Rxb8 Rxb8 28. Rxb8+ Qxb8 29. f6 g6 30. f4 Nxf6 31. fxe5 Nxg4 32. e6 f5 33. Bf4 fxe4 34. Qxe4 Qe8 35. Bxd6 Bxc4 36. Bxc5 Nf6 37. Qxc4 Qa8 38. Bb3 Bg5 39. h4 Bd2 40. Qd4 Qc8 41. d6 Qb7+ 42. Kf2 Ne4+ 43. Ke2 Qxb3 44. Qxe4 Bc3 45. e7 Qa2+ 46. Kf3 Qf7+ 47. Kg2 1-0

[Event "FRA-chT2 East 0809"]
[Site "France"]
[Date "2009.03.15"]
[Round "9.6"]
[White "Duchateau, Thomas"]
[Black "Joly, Laurent"]
[Result "1-0"]
[WhiteElo "2075"]
[BlackElo "2040"]
[PlyCount "69"]
[EventDate "2008.10.19"]
[EventType "team-tourn"]
[EventRounds "11"]
[EventCountry "FRA"]
[SourceTitle "EXT 2010"]
[Source "ChessBase"]
[SourceDate "2010.11.25"]
[SourceVersion "1"]
[SourceVersionDate "2010.11.25"]
[SourceQuality "1"]
[WhiteTeam "Mundolsheim"]
[BlackTeam "Metz Fischer II"]
[WhiteTeamCountry "FRA"]
[BlackTeamCountry "FRA"]

1. d4 Nf6 2. c4 c5 3. d5 e6 4. Nc3 exd5 5. cxd5 d6 6. e4 g6 7. h3 Bg7 8. Nf3 0-0 9. Bd3 b5 10. Bxb5 Nxe4 11. Nxe4 Qa5+ 12. Nfd2 Qxb5 13. Nxd6 Qa6 14. N2c4 Nd7 15. 0-0 Ne5 16. Nxe5 Qxd6 17. Nc4 Qa6 18. Qb3 Bb7 19. Rd1 Bd4 20. Nd6 Rab8 21. Nxb7 Rxb7 22. Qf3 Re8 23. Be3 Rxb2 24. Bxd4 cxd4 25. Rxd4 Qb6 26. Rad1 Rxa2 27. d6 Ra1 28. Rxa1 Qxd4 29. Rd1 Qb6 30. d7 Rd8 31. Qd5 Qc7 32. h4 Qb6 33. Re1 Qf6 34. Qa5 Kg7 35. Re8 1-0

[Event "FRA-chT2 East 0809"]
[Site "France"]
[Date "2009.01.18"]
[Round "6.7"]
[White "Duchateau, Thomas"]
[Black "Jeannerot, Lea"]
[Result "0-1"]
[WhiteElo "2075"]
[BlackElo "1951"]
[PlyCount "82"]
[EventDate "2008.10.19"]
[EventType "team-tourn"]
[EventRounds "11"]
[EventCountry "FRA"]
[SourceTitle "EXT 2010"]
[Source "ChessBase"]
[SourceDate "2010.11.25"]
[SourceVersion "1"]
[SourceVersionDate "2010.11.25"]
[SourceQuality "1"]
[WhiteTeam "Mundolsheim"]
[BlackTeam "Besancon TPG II"]
[WhiteTeamCountry "FRA"]
[BlackTeamCountry "FRA"]

1. d4 d5 2. c4 e6 3. Nc3 Nf6 4. Nf3 Nbd7 5. e3 b6 6. cxd5 Nxd5 7. Bb5 Bb4 8. Bd2 Bxc3 9. bxc3 Bb7 10. Ne5 N5f6 11. Nc6 Qc8 12. c4 Bxc6 13. Bxc6 Rb8 14. Qa4 a5 15. e4 Ng8 16. d5 Ne7 17. Bb5 e5 18. f4 exf4 19. Bxf4 Ng6 20. Bg3 Ke7 21. Qa3+ Nc5 22. e5 Qf5 23. d6+ cxd6 24. exd6+ Kd8 25. 0-0-0 Qg5+ 26. Kb1 Ne5 27. Rhe1 Qg6+ 28. Ka1 Ned7 29. Bh4+ f6 30. Re7 Qg4 31. Qf3 Qxh4 32. Bxd7 Qxc4 33. Bh3 f5 34. Rxg7 Rc8 35. Bxf5 Rf8 36. Bxc8 Rxf3 37. gxf3 Qc3+ 38. Kb1 Qxg7 39. Bf5 Na4 40. Rd2 Qc3 41. Re2 Qxf3 0-1

[Event "FRA-chT2 East 0809"]
[Site "France"]
[Date "2008.12.14"]
[Round "4.7"]
[White "Gras, Delphine"]
[Black "Duchateau, Thomas"]
[Result "0-1"]
[WhiteElo "1995"]
[BlackElo "2075"]
[PlyCount "50"]
[EventDate "2008.10.19"]
[EventType "team-tourn"]
[EventRounds "11"]
[EventCountry "FRA"]
[SourceTitle "EXT 2010"]
[Source "ChessBase"]
[SourceDate "2010.11.25"]
[SourceVersion "1"]
[SourceVersionDate "2010.11.25"]
[SourceQuality "1"]
[WhiteTeam "Strasbourg II"]
[BlackTeam "Mundolsheim"]
[WhiteTeamCountry "FRA"]
[BlackTeamCountry "FRA"]

1. e4 a6 2. d4 g6 3. Nf3 Bg7 4. Bc4 b5 5. Bb3 Bb7 6. 0-0 e6 7. d5 Ne7 8. c3 0-0 9. Bg5 h6 10. Bf4 exd5 11. exd5 d6 12. a4 Nd7 13. axb5 axb5 14. Na3 b4 15. Nc2 Rxa1 16. Nxa1 g5 17. Be3 bxc3 18. bxc3 Bxc3 19. h4 Bxa1 20. Qxa1 Nxd5 21. Bd2 Nf4 22. Qd1 Qf6 23. hxg5 hxg5 24. Nxg5 Qxg5 25. g3 Qh5 0-1

[Event "FRA-chT2 East 0708"]
[Site "France"]
[Date "2008.04.05"]
[Round "10.5"]
[White "Duchateau, Thomas"]
[Black "Castanier, Carl"]
[Result "0-1"]
[WhiteElo "2126"]
[BlackElo "1966"]
[PlyCount "139"]
[EventDate "2007.10.21"]
[EventType "team"]
[EventRounds "11"]
[EventCountry "FRA"]
[SourceTitle "EXT 2009"]
[Source "ChessBase"]
[SourceDate "2008.11.26"]
[SourceVersion "1"]
[SourceVersionDate "2008.11.26"]
[SourceQuality "1"]
[WhiteTeam "Mundolsheim"]
[BlackTeam "Reims"]
[WhiteTeamCountry "FRA"]
[BlackTeamCountry "FRA"]

1. d4 d5 2. c4 dxc4 3. Nf3 a6 4. e3 e6 5. Bxc4 Nf6 6. 0-0 Be7 7. Qe2 0-0 8. Nc3 Nbd7 9. e4 Nb6 10. Bb3 c5 11. dxc5 Bxc5 12. Bg5 h6 13. Rad1 Nbd7 14. Bc1 Bb4 15. e5 Bxc3 16. bxc3 Nh7 17. Rd4 Re8 18. Rfd1 Qe7 19. Qc4 Ndf8 20. Bc2 b5 21. Qd3 Bb7 22. a4 Bc6 23. Rd6 Qb7 24. Nd4 Bxg2 25. axb5 axb5 26. Qxb5 Rec8 27. Rb6 Qd5 28. Qe2 Ra2 29. Nf5 Qf3 30. Ne7+ Kh8 31. Qxf3 Bxf3 32. Nxc8 Bxd1 33. Bb1 Re2 34. Nd6 Re1+ 35. Kg2 Bh5 36. Bf4 g5 37. Be3 Nd7 38. Rb5 Nhf8 39. Bd4 Kg8 40. Be4 Ng6 41. Bxg6 Bxg6 42. Ra5 Kh7 43. c4 Rd1 44. Ra7 Rxd4 45. Rxd7 Rg4+ 46. Kf3 Rf4+ 47. Kg3 h5 48. c5 h4+ 49. Kg2 Bh5 50. Kf1 Kg6 51. c6 Bf3 52. Nc8 Rc4 53. Ke1 Bxc6 54. Ne7+ Kg7 55. Rd8 f6 56. Rd6 Ba4 57. exf6+ Kxf6 58. Nd5+ Ke5 59. Ne3 Rc1+ 60. Kd2 Kxd6 61. Kxc1 Ke5 62. Kd2 Kf4 63. Ke1 Kf3 64. Kf1 Bb3 65. Ke1 g4 66. Kf1 g3 67. hxg3 hxg3 68. Nc4 Bxc4+ 69. Kg1 gxf2+ 70. Kh2 0-1

[Event "FRA-chT2 East 0607"]
[Site "France"]
[Date "2007.03.31"]
[Round "10.4"]
[White "Foune, Andre"]
[Black "Duchateau, Thomas"]
[Result "1/2-1/2"]
[WhiteElo "2180"]
[BlackElo "2139"]
[PlyCount "52"]
[EventDate "2006.10.15"]
[EventType "team"]
[EventRounds "11"]
[EventCountry "FRA"]
[SourceTitle "EXT 2008"]
[Source "ChessBase"]
[SourceDate "2007.11.25"]
[SourceVersion "1"]
[SourceVersionDate "2007.11.25"]
[SourceQuality "1"]
[WhiteTeam "Belfort"]
[BlackTeam "Mundolsheim"]
[WhiteTeamCountry "FRA"]
[BlackTeamCountry "FRA"]

1. e4 c5 2. Nf3 d6 3. d4 cxd4 4. Nxd4 Nf6 5. Nc3 a6 6. Bg5 e6 7. f4 Be7 8. Qf3 h6 9. Bh4 g5 10. fxg5 Nfd7 11. Nxe6 fxe6 12. Qh5+ Kf8 13. Bb5 Rh7 14. 0-0+ Kg8 15. g6 Rg7 16. Rf7 Bxh4 17. Qxh6 Rxf7 18. gxf7+ Kxf7 19. Qh7+ Kf8 20. Qh8+ Kf7 21. Qh7+ Kf8 22. Rf1+ Bf6 23. Qh8+ Ke7 24. Qh7+ Kf8 25. Qh6+ Kf7 26. Qh7+ Kf8 1/2-1/2

[Event "FRA-ch Accession"]
[Site "Besancon"]
[Date "2006.08.24"]
[Round "9"]
[White "Girard, Eric"]
[Black "Duchateau, Thomas"]
[Result "1/2-1/2"]
[WhiteElo "2090"]
[BlackElo "2129"]
[PlyCount "59"]
[EventDate "2006.08.15"]
[EventType "swiss"]
[EventRounds "10"]
[EventCountry "FRA"]
[SourceTitle "CBM 113 Extra"]
[Source "ChessBase"]
[SourceDate "2006.09.14"]
[SourceVersion "1"]
[SourceVersionDate "2006.09.14"]
[SourceQuality "1"]

1. c4 b6 2. Nc3 Bb7 3. e4 e6 4. d4 Bb4 5. Bd3 f5 6. f3 Qh4+ 7. g3 Qh5 8. Bd2 Nc6 9. a3 Be7 10. d5 Ne5 11. Be2 Bc5 12. f4 Ng4 13. Bxg4 fxg4 14. h4 0-0-0 15. Qc2 Ne7 16. 0-0-0 c6 17. Nge2 Bd6 18. Be3 Kb8 19. c5 bxc5 20. e5 Nf5 21. Bf2 Bc7 22. dxe6 dxe6 23. Ne4 Nd4 24. Nxd4 cxd4 25. Nc5 Bb6 26. Bxd4 Qf7 27. Rh2 Rd5 28. Rhd2 Rhd8 29. b4 g6 30. Qc3 1/2-1/2

[Event "Vandoeuvre op"]
[Site "Vandoeuvre"]
[Date "2004.??.??"]
[Round "5"]
[White "Milliet, Sophie"]
[Black "Duchateau, Thomas"]
[Result "1-0"]
[WhiteElo "2299"]
[BlackElo "2146"]
[PlyCount "55"]
[EventDate "2004.12.26"]
[EventType "swiss"]
[EventRounds "9"]
[EventCountry "FRA"]
[SourceTitle "CBM 104 Extra"]
[Source "ChessBase"]
[SourceDate "2005.03.01"]
[SourceVersion "1"]
[SourceVersionDate "2005.03.01"]
[SourceQuality "1"]

1. e4 c5 2. Nf3 d6 3. Bb5+ Bd7 4. Bxd7+ Qxd7 5. 0-0 Nf6 6. e5 dxe5 7. Nxe5 Qc7 8. d4 Nbd7 9. Bf4 Qc8 10. Nc3 a6 11. d5 g6 12. d6 e6 13. Nxd7 Nxd7 14. Nd5 Bg7 15. Nc7+ Kf8 16. Nxa8 Qxa8 17. c3 b6 18. Qa4 Qb7 19. Rad1 h6 20. Rfe1 Kg8 21. h4 h5 22. Bg5 Kh7 23. Qf4 f6 24. Rxe6 fxg5 25. Qxg5 Nf8 26. Re7 Qc6 27. d7 Qd6 28. Rxd6 1-0

[Event "Baden-Elsass m"]
[Site "Neumuehl"]
[Date "2003.09.14"]
[Round "?.21"]
[White "Duchateau, Thomas"]
[Black "Strohhaeker, Raoul"]
[Result "1/2-1/2"]
[WhiteElo "2088"]
[BlackElo "2101"]
[PlyCount "103"]
[EventDate "2003.09.14"]
[EventType "team"]
[EventRounds "1"]
[EventCountry "GER"]
[SourceTitle "CBM 096 Extra"]
[Source "ChessBase"]
[SourceDate "2003.10.22"]
[SourceVersion "2"]
[SourceVersionDate "2003.10.20"]
[SourceQuality "1"]
[WhiteTeam "Elsass"]
[BlackTeam "Baden"]
[WhiteTeamCountry "FRA"]
[BlackTeamCountry "GER"]

1. d4 d5 2. c4 Bf5 3. Nc3 e6 4. Nf3 Nc6 5. a3 Nf6 6. Bg5 Be7 7. cxd5 Nxd5 8. Bxe7 Ncxe7 9. Nd2 0-0 10. h4 h6 11. e4 Nxc3 12. bxc3 Bg6 13. Qe2 c5 14. Nb3 cxd4 15. cxd4 Qb6 16. Rh3 Nc6 17. h5 Bh7 18. Rd1 a5 19. Rc3 Rfd8 20. d5 exd5 21. Rxd5 Nd4 22. Qc4 Rxd5 23. Qxd5 Rd8 24. Qc5 Nc2+ 25. Ke2 Qa6+ 26. Qc4 Qxc4+ 27. Rxc4 Nxa3 28. Ra4 Nc2 29. Nxa5 b5 30. Ra2 Bxe4 31. f3 Bf5 32. Nc6 Rd7 33. Kf2 b4 34. Ra8+ Kh7 35. Rb8 Rd2+ 36. Kg3 Ne3 37. Ba6 g5 38. hxg6+ Kxg6 39. Ne7+ Kf6 40. Nxf5 Nxf5+ 41. Kh3 Rd4 42. g4 Ne7 43. Rb6+ Kg7 44. Bb7 Ng6 45. Kg3 Ne5 46. Be4 Nd7 47. Rb5 Nf6 48. Kf4 Rc4 49. Kf5 Ne8 50. Rb6 Rc5+ 51. Kf4 Rc4 52. Kf5 1/2-1/2